004290000a22001330004500090001700000245011200017041001400129700003100143700002900174100002500203942001300228773003700241999001700278 aASbSeriadas10aPolinización de las flores de Brachyotum () por dos especies de diglossa ()0 aEspañol1 aAyala, Ana Victoria9994081 aGirón, Mercedes9994091 aStiles, F. Gary9877 cARTICULO1 tCaldasia345h1q47-54d1992g17 c14924d14924